LEADER 01080nam--2200373---450- 001 990002707120203316 005 20080409172419.0 010 $a0-521-44790-9 035 $a000270712 035 $aUSA01000270712 035 $a(ALEPH)000270712USA01 035 $a000270712 100 $a20060201d1997----km-y0itay0103----ba 101 $aeng 102 $aGB 105 $a||||||||001yy 200 1 $a<> Interethnic companion to Asian American Literature$feditr King-Kok Cheung 210 $aCambridge$cCambridge University press$d1997 215 $aXI, 414 p.$d23 cm 410 0$12001 454 1$12001 461 1$1001-------$12001 606 0 $aLetteratura americana - Autori asiatici 676 $a810.9895 702 1$aCHEUNG,$bKing-Kok 801 0$aIT$bsalbc$gISBD 912 $a990002707120203316 951 $aII.8.B.163$b4420 DSLL 959 $aBK 969 $aDSLL 979 $aDSLL1$b10$c20060201$lUSA01$h1728 979 $aDSLL$b90$c20080409$lUSA01$h1724 996 $aInterethnic companion to Asian American Literature$91001942 997 $aUNISA LEADER 01401nam--2200397---450- 001 990002435440203316 005 20091217112138.0 010 $a88-13-25635-3 035 $a000243544 035 $aUSA01000243544 035 $a(ALEPH)000243544USA01 035 $a000243544 100 $a20050614d2004----km-y0itaa50------ba 101 0 $aita 102 $aIT 105 $ay---z---001yy 200 1 $a<> subfornitura nel diritto internazionale privato comunitario$fPaola Piroddi 210 $aPadova$cCEDAM$d2004 215 $aXVI, 441 p.$d24 cm 225 2 $aStudi e pubblicazioni della Rivista di diritto internazionale privato e processuale$v58 410 0$12001$aStudi e pubblicazioni della Rivista di diritto internazionale privato e processuale$v26 454 1 $12001 461 1$1001------$12001 606 0 $aSubcontratto di fornitura$xDiritto internazionale privato 676 $a340.922 700 1$aPIRODDI,$bPaola$0573191 801 0$aIT$bsalbc$gISBD 912 $a990002435440203316 951 $aXXIII.3. Coll. 2/ 46 (COLL ZZ 58)$b45543 G.$cXXIII.3. Coll. 2/ 46 (COLL ZZ)$d00130848 959 $aBK 969 $aGIU 979 $aIANNONE$b90$c20050614$lUSA01$h1415 979 $aFIORELLA$b90$c20070521$lUSA01$h1121 979 $aRSIAV3$b90$c20091217$lUSA01$h1121 996 $aSubfornitura nel diritto internazionale privato comunitario$91055728 997 $aUNISA